|
|
|
|
| LEADER |
00000cam a2200000 a 4500 |
| 001 |
59678 |
| 005 |
20230810062840.0 |
| 008 |
000000|1976 ||||||||r|||||||||||spa|| |
| 040 |
|
|
|b spa
|
| 041 |
1 |
|
|a spa
|
| 082 |
0 |
|
|a 616.89
|
| 100 |
1 |
|
|a Solomon, Philip.
|9 31846
|
| 245 |
1 |
1 |
|a Manual de psiquiatría
|c Philip Solomon y Vernon D. Patch
|h imp
|
| 250 |
|
|
|a 2. ed.
|
| 264 |
|
|
|a México
|b Editorial El Manual Moderno
|c 1976
|
| 300 |
|
|
|a 466 páginas:
|c 25 cm
|
| 650 |
|
4 |
|a Psiquiatría
|9 12726
|
| 852 |
|
|
|a UC-CDJBV
|c SEGUNDO PISO
|f Donación
|k lucia.mora
|l 1
|p 00000000
|r 2
|t 59678
|y 151054
|d CDRC
|e CDRC
|g 616.89 SEGUNDO PISO
|z 0000-00-00
|
| 942 |
|
|
|c BK
|0 2
|
| 999 |
|
|
|c 16853
|d 16853
|